LEADER 01469cam0-22005411i-450- 001 990003704120403321 005 20050307164624.0 010 $a88-15-05244-5 035 $a000370412 035 $aFED01000370412 035 $a(Aleph)000370412FED01 035 $a000370412 100 $a20030910d1996----km-y0itay50------ba 101 0 $aita 102 $aIT 105 $ay-------001yy 200 1 $a<>banche d'affari in Italia$fMarcello De Cecco [e] Giovanni Ferri 210 $aBologna$cil Mulino$d1996 215 $a184 p.$d22 cm 225 1 $aStudi finanziari e bancari 610 0 $aBanche e imprese 610 0 $aImprese e finanza$aItalia 676 $a346.08 676 $a332.12 676 $a332.10945 700 1$aDe Cecco,$bMarcello$f<1939-2016> 701 1$aFerri,$bGiovanni$070168 801 0$aIT$bUNINA$gRICA$2UNIMARC 901 $aBK 912 $a990003704120403321 952 $aXV M1 293$b34$fDTE 952 $aN2.311$b6259$fDECTS 952 $aJ/2.33 DEC$b16542$fSES 952 $aJ/2.33 DEC$b16854$fSES 952 $aSE 110.04.17-$b132$fDECSE 952 $a21-CB-579$b9196$fDDCP 952 $aXV C 234 (11)$b33480*$fFGBC 952 $aXV C 234 (11BIS)$b333458*$fFGBC 952 $aVI O 82$b28018$fFSPBC 959 $aDECTS 959 $aSES 959 $aDECSE 959 $aDDCP 959 $aFGBC 959 $aFSPBC 959 $aDTE 996 $aBanche d'affari in Italia$952093 997 $aUNINA LEADER 01357nam 2200397 450 001 9910715463903321 005 20220922133459.0 035 $a(CKB)5470000002511404 035 $a(OCoLC)1247118770 035 $a(EXLCZ)995470000002511404 100 $a20210422d2021 ua 0 101 0 $aeng 135 $aur||||||||||| 181 $ctxt$2rdacontent 182 $cc$2rdamedia 183 $acr$2rdacarrier 200 00$aAfter high school $etalking with your young adult about underage drinking 210 1$a[Rockville, Md.] :$cSubstance Abuse and Mental Health Services Administration,$d2021. 215 $a1 online resource (2 unnumbered pages) $ccolor illustrations 300 $a"Printed 2021"--Page 2. 300 $a"PEP21-03-10-001"--Page 2. 320 $aIncludes bibliographical references (page 2). 517 $aAfter high school 606 $aYouth$xAlcohol use$xPrevention 606 $aAlcoholism$xPrevention 606 $aParenting$xStudy and teaching 615 0$aYouth$xAlcohol use$xPrevention. 615 0$aAlcoholism$xPrevention. 615 0$aParenting$xStudy and teaching. 712 02$aUnited States.$bSubstance Abuse and Mental Health Services Administration, 801 0$bGPO 801 1$bGPO 906 $aBOOK 912 $a9910715463903321 996 $aAfter high school$93437108 997 $aUNINA